Movies Quiz

Random Movies or Star Wars Quiz

Name star wars stuff Quiz Stats

 Plays Quiz not verified by Sporcle

Score 0/50 Timer 12:00
0 Plays Today
Description Thing % Correct
The race to which Jar Jar Binks belongsGungan
90.9%
The name of the Sith who wields a double-ended lightsaberDarth Maul
90.9%
The colour of Mace Windu's lightsaberPurple
89.1%
The name of the planet Anakin was born onTatooine
81.8%
The name of the podracer who is arch-rivals with AnakinSebulba
78.2%
The name of Jango Fett's spaceshipSlave 1
78.2%
The name of Han Solo's Wookie companionChewbacca
78.2%
The name of the boss of the GungansBoss Nass
74.5%
The planet on which the clones were producedKamino
74.5%
The name of the Rodian Han Solo kills in the CantinaGreedo
74.5%
The command given by the Emperor to execute the Jedi is calledOrder 66
72.7%
The name of the Empire's spacestationDeath Star
72.7%
The name of the spaceship Luke fliesX-Wing
72.7%
The planet on which Obi-Wan and Anakin have a lightsaber battle in Episode IIIMustafar
69.1%
What is the name of the 4-legged walker used by the EmpireAT-AT
69.1%
The name of a droid which can roll and produce a shieldDroideka
67.3%
The material Han Solo is frozen inCarbonite
67.3%
The name of the character who announces 'It's a trap!'Admiral Ackbar
67.3%
The name of the Sith that uses a lightsaber with a modified hiltDooku
65.5%
The force power used to kill Mace WinduLightning
65.5%
The name of the bounty hunter who persues Han Solo to this planetBoba Fett
65.5%
The name of the creature Jabba keeps in his palace and attempts to kill Luke withRancor
65.5%
The character who kills the EmperorDarth Vader
65.5%
The character considered a god by the creatures who live on the Forest MoonC3PO
65.5%
The people Luke is given to for looking after at the end of Episode IIIOwen and Beru
61.8%
Description Thing % Correct
The name of the planet destroyed by the EmpireAlderaan
61.8%
The planet Luke finds Yoda onDagobah
61.8%
The name of the moon which houses the Empires space station's shield generatorEndor
60%
The person who Leia is given to for looking after at the end of Episode IIISenator Organa
58.2%
The name of the planet the secret Rebel base is onHoth
58.2%
The small bear-like creatures found on this moonEwoks
58.2%
The type of droid that R2 D2 isAstromech
56.4%
The name of the person who assists and then tries to kill Obi-Wan under the orders of the EmperorCommander Cody
56.4%
The name of the planet Lando is found onBespin
56.4%
The name of the creature which attacks Luke as he is looking through binocularsTusken Raider
54.5%
The name of the creature Leia befriends on the Forest MoonWicket
54.5%
The name of the weapon used by the Wookie armyBowcaster
52.7%
The name of the vehicle driven by the JawasSandcrawler
52.7%
The name of the varient of Stormtrooper used to attack the planetSnowtrooper
52.7%
The creature which captures Luke toward the start of Episode VWampa
52.7%
The name of the creature that kills Boba FettSarlacc
52.7%
The planet Obi-Wan Kenobi kills General Grievous onUtapau
45.5%
A Jedi with an extra heart in his headKi-Adi-Mundi
45.5%
The name of the rock that Luke and Leia are born onPolis Massa
43.6%
The name of the Jedi with red and white and black striped skinShaak Ti
41.8%
The name of the 'Commander of the armies of the confederacy'General Grievous
41.8%
The name of the planet which was the first capital of the ConfederacyGeonosis
32.7%
The name of the Imperial droid which is first sent down to the planetProbe Droid
30.9%
What does AT-ST stand for?All terrain scout transport
30.9%
The name of the trade federation's basic starfighterVulture
18.2%

You're not logged in!

Compare scores with friends on all Sporcle quizzes.
OR
Log In

Show Comments

Extras

Created Feb 14, 2012ReportNominate
Tags:Physics Quiz, Star Wars Quiz

Top Quizzes Today


Score Distribution

Your Account Isn't Verified!

In order to create a playlist on Sporcle, you need to verify the email address you used during registration. Go to your Sporcle Settings to finish the process.

Report this User

Report this user for behavior that violates our Community Guidelines.

Details: